[Event "TICF"]
[Site "FAMALICAO"]
[Date "2023.07.29"]
[Round "7.1"]
[White "PADEIRO, Jose"]
[Black "MARTINEZ DUANY, Lelys"]
[Result "0-1"]
[BlackElo "2490"]
[WhiteElo "2125"]
[LiveChessVersion "1.4.8"]

1. c4 {[%clk 1:30:49]} c5 {[%clk 1:30:42]} 2. g3 {[%clk 1:29:05]} g6
{[%clk 1:31:01]} 3. Bg2 {[%clk 1:28:58]} Bg7 {[%clk 1:31:24]} 4. Nc3
{[%clk 1:29:14]} d6 {[%clk 1:31:21]} 5. e4 {[%clk 1:27:04]} Nc6 {[%clk 1:31:08]}
6. Nge2 {[%clk 1:27:25]} a6 {[%clk 1:30:43]} 7. a3 {[%clk 1:21:56]} e6
{[%clk 1:15:56]} 8. Rb1 {[%clk 1:21:44]} a5 {[%clk 1:12:28]} 9. d3
{[%clk 1:20:18]} Nge7 {[%clk 1:12:40]} 10. Be3 {[%clk 1:20:01]} Nd4
{[%clk 1:11:57]} 11. O-O {[%clk 1:19:31]} Nec6 {[%clk 1:11:47]} 12. f4
{[%clk 1:14:58]} O-O {[%clk 1:11:23]} 13. Bf2 {[%clk 1:15:22]} Nxe2+
{[%clk 1:07:49]} 14. Nxe2 {[%clk 1:15:27]} a4 {[%clk 1:02:17]} 15. Nc3
{[%clk 1:09:24]} Qa5 {[%clk 1:01:52]} 16. Nb5 {[%clk 1:09:21]} Rd8
{[%clk 1:02:05]} 17. g4 {[%clk 1:05:21]} Nd4 {[%clk 0:56:10]} 18. Nxd4
{[%clk 1:03:41]} cxd4 {[%clk 0:56:17]} 19. f5 {[%clk 1:00:03]} b5
{[%clk 0:55:48]} 20. Bh4 {[%clk 0:46:17]} bxc4 {[%clk 0:55:17]} 21. Bxd8
{[%clk 0:43:00]} Qxd8 {[%clk 0:55:41]} 22. dxc4 {[%clk 0:43:02]} Be5
{[%clk 0:52:46]} 23. f6 {[%clk 0:39:41]} h6 {[%clk 0:50:22]} 24. Qd2
{[%clk 0:36:41]} Kh7 {[%clk 0:50:38]} 25. Rf3 {[%clk 0:35:55]} Qa5
{[%clk 0:46:41]} 26. Qf2 {[%clk 0:28:26]} Rb8 {[%clk 0:45:40]} 27. Rh3
{[%clk 0:26:48]} g5 {[%clk 0:45:55]} 28. Rd3 {[%clk 0:25:17]} Ba6
{[%clk 0:46:00]} 29. Rxd4 {[%clk 0:20:53]} Rb3 {[%clk 0:43:01]} 30. Rbd1
{[%clk 0:19:14]} Qc5 {[%clk 0:38:53]} 31. R4d2 {[%clk 0:18:52]} Bxc4
{[%clk 0:39:07]} 32. Rc2 {[%clk 0:15:43]} Qxf2+ {[%clk 0:37:31]} 33. Kxf2
{[%clk 0:15:46]} Bd3 {[%clk 0:34:48]} 34. Rcd2 {[%clk 0:14:42]} Bb5
{[%clk 0:35:12]} 35. Bf1 {[%clk 0:11:53]} Bc6 {[%clk 0:35:02]} 36. Bd3
{[%clk 0:07:37]} Kg6 {[%clk 0:33:53]} 37. Rc1 {[%clk 0:06:42]} Bb7
{[%clk 0:33:12]} 38. Rc4 {[%clk 0:06:52]} Ba6 {[%clk 0:32:45]} 39. Be2
{[%clk 0:02:47]} Bxc4 {[%clk 0:32:35]} 40. Bxc4 {[%clk 0:03:17]} Rb6
{[%clk 0:32:32]} 41. Be2 {[%clk 0:02:10]} Kxf6 {[%clk 0:32:17]} 42. Bd1
{[%clk 0:02:21]} Bxb2 {[%clk 0:32:39]} 43. Bxa4 {[%clk 0:02:32]} Bxa3
{[%clk 0:33:01]} 44. Kg2 {[%clk 0:01:35]} Bc5 {[%clk 0:32:50]} 45. Rd3
{[%clk 0:01:34]} Rb2+ {[%clk 0:33:02]} 46. Kg3 {[%clk 0:01:47]} Ke5
{[%clk 0:33:11]} 47. Be8 {[%clk 0:01:51]} Kxe4 {[%clk 0:33:01]} 0-1

[Event "TICF"]
[Site "FAMALICAO"]
[Date "2023.07.29"]
[Round "7.2"]
[White "PETKOV, Vladimir"]
[Black "GONCALVES, Lucas"]
[Result "1-0"]
[BlackElo "1870"]
[WhiteElo "2464"]
[LiveChessVersion "1.4.8"]

1. d4 {[%clk 1:29:14]} d5 {[%clk 1:30:53]} 2. c4 {[%clk 1:29:22]} e6
{[%clk 1:30:30]} 3. Nc3 {[%clk 1:29:30]} Nf6 {[%clk 1:30:29]} 4. cxd5
{[%clk 1:28:06]} exd5 {[%clk 1:30:52]} 5. Bg5 {[%clk 1:28:30]} Be7
{[%clk 1:30:12]} 6. e3 {[%clk 1:28:35]} c6 {[%clk 1:28:46]} 7. Bd3
{[%clk 1:28:30]} O-O {[%clk 1:29:01]} 8. Nf3 {[%clk 1:28:46]} h6 {[%clk 1:26:31]}
9. Bh4 {[%clk 1:25:55]} Ne8 {[%clk 1:18:09]} 10. Bg3 {[%clk 1:25:17]} Nd6
{[%clk 1:14:57]} 11. h3 {[%clk 1:21:24]} Re8 {[%clk 1:10:25]} 12. O-O
{[%clk 1:20:23]} Nd7 {[%clk 0:58:33]} 13. Qc2 {[%clk 1:18:03]} Bf8
{[%clk 0:48:45]} 14. Rae1 {[%clk 1:03:16]} Nf6 {[%clk 0:47:08]} 15. Ne5
{[%clk 1:01:11]} Bd7 {[%clk 0:46:41]} 16. Bh4 {[%clk 0:58:04]} Be7
{[%clk 0:40:31]} 17. f3 {[%clk 0:56:32]} Rc8 {[%clk 0:37:32]} 18. b4
{[%clk 0:54:42]} Be6 {[%clk 0:36:15]} 19. Na4 {[%clk 0:51:02]} Nd7
{[%clk 0:34:43]} 20. Bxe7 {[%clk 0:49:57]} Qxe7 {[%clk 0:34:58]} 21. f4
{[%clk 0:50:10]} Nxe5 {[%clk 0:29:04]} 22. fxe5 {[%clk 0:43:41]} Nc4
{[%clk 0:27:58]} 23. Nc5 {[%clk 0:43:16]} b6 {[%clk 0:14:13]} 24. Nxe6
{[%clk 0:31:02]} fxe6 {[%clk 0:14:32]} 25. Bxc4 {[%clk 0:31:27]} dxc4
{[%clk 0:14:54]} 26. Qxc4 {[%clk 0:31:50]} c5 {[%clk 0:10:25]} 27. bxc5
{[%clk 0:23:05]} bxc5 {[%clk 0:08:27]} 28. Qa4 {[%clk 0:22:00]} cxd4
{[%clk 0:05:29]} 29. exd4 {[%clk 0:22:22]} Red8 {[%clk 0:05:47]} 30. Rc1
{[%clk 0:17:14]} Rb8 {[%clk 0:03:19]} 31. Rf4 {[%clk 0:12:15]} Rb4
{[%clk 0:01:15]} 32. Qa3 {[%clk 0:12:30]} Qb7 {[%clk 0:01:03]} 33. Rd1
{[%clk 0:11:23]} Qb6 {[%clk 0:01:13]} 34. Kh2 {[%clk 0:09:40]} Rbxd4
{[%clk 0:00:31]} 35. Rdxd4 {[%clk 0:09:47]} Rxd4 {[%clk 0:00:55]} 36. Qf8+
{[%clk 0:09:58]} 1-0

[Event "TICF"]
[Site "FAMALICAO"]
[Date "2023.07.29"]
[Round "7.3"]
[White "PINHO, Paulo"]
[Black "ROMANO, Joao"]
[Result "1-0"]
[BlackElo "2027"]
[WhiteElo "2162"]
[LiveChessVersion "1.4.8"]

1. d4 {[%clk 1:29:59]} d5 {[%clk 1:30:43]} 2. c4 {[%clk 1:29:54]} e6
{[%clk 1:31:01]} 3. Nf3 {[%clk 1:29:43]} Nf6 {[%clk 1:29:32]} 4. g3
{[%clk 1:29:47]} c5 {[%clk 1:29:34]} 5. Bg2 {[%clk 1:29:17]} Nc6 {[%clk 1:26:47]}
6. O-O {[%clk 1:28:17]} dxc4 {[%clk 1:23:33]} 7. Na3 {[%clk 1:21:56]} cxd4
{[%clk 1:20:51]} 8. Nxc4 {[%clk 1:21:18]} Be7 {[%clk 1:17:27]} 9. b3
{[%clk 1:17:33]} O-O {[%clk 1:00:37]} 10. Bb2 {[%clk 1:17:50]} d3
{[%clk 1:00:22]} 11. e3 {[%clk 1:13:04]} b6 {[%clk 0:50:40]} 12. Nd4
{[%clk 1:03:38]} Nxd4 {[%clk 0:48:40]} 13. Bxa8 {[%clk 1:00:23]} Ba6
{[%clk 0:45:38]} 14. Bxd4 {[%clk 0:57:49]} Qxa8 {[%clk 0:46:02]} 15. f3
{[%clk 0:57:45]} Rd8 {[%clk 0:40:40]} 16. Rc1 {[%clk 0:49:48]} Bc5
{[%clk 0:27:37]} 17. Bxc5 bxc5 {[%clk 0:27:59]} 18. Qd2 {[%clk 0:42:38]} Qd5
{[%clk 0:23:19]} 19. e4 {[%clk 0:37:14]} Qd4+ {[%clk 0:23:44]} 20. Qf2
{[%clk 0:33:36]} d2 {[%clk 0:23:56]} 21. Qxd4 {[%clk 0:32:26]} Rxd4
{[%clk 0:24:20]} 22. Rcd1 {[%clk 0:32:50]} Bxc4 {[%clk 0:24:47]} 23. bxc4
{[%clk 0:33:08]} Nd7 {[%clk 0:25:13]} 24. Rb1 {[%clk 0:27:50]} g5
{[%clk 0:22:46]} 25. Rfd1 {[%clk 0:27:44]} Ne5 {[%clk 0:23:00]} 26. Kf2
{[%clk 0:27:26]} g4 {[%clk 0:22:43]} 27. fxg4 {[%clk 0:24:05]} Nxc4
{[%clk 0:21:54]} 28. Ke2 {[%clk 0:24:29]} Rxe4+ {[%clk 0:21:16]} 29. Kd3
{[%clk 0:24:49]} Rxg4 {[%clk 0:19:56]} 30. Kc3 {[%clk 0:24:55]} Ne3
{[%clk 0:16:57]} 31. Rxd2 {[%clk 0:23:33]} Nd5+ {[%clk 0:17:23]} 32. Kc2
{[%clk 0:21:09]} Ra4 {[%clk 0:16:06]} 33. Rb8+ {[%clk 0:21:09]} Kg7
{[%clk 0:16:29]} 34. Kb3 {[%clk 0:20:42]} Ra6 {[%clk 0:15:44]} 35. Rb5
{[%clk 0:20:03]} Rc6 {[%clk 0:15:18]} 36. Rc2 {[%clk 0:18:53]} a6
{[%clk 0:13:49]} 37. Rbxc5 {[%clk 0:17:05]} Rb6+ {[%clk 0:14:07]} 38. Ka4
{[%clk 0:13:57]} Rb8 {[%clk 0:13:55]} 39. Ka5 {[%clk 0:10:22]} Kf6
{[%clk 0:14:03]} 40. Rc8 {[%clk 0:08:59]} Rb1 {[%clk 0:14:29]} 41. Rf2+
{[%clk 0:08:39]} Ke5 {[%clk 0:14:02]} 42. Kxa6 {[%clk 0:08:11]} f5
{[%clk 0:14:02]} 43. a4 {[%clk 0:07:45]} Kd6 {[%clk 0:13:16]} 44. Rd2
{[%clk 0:05:39]} h5 {[%clk 0:12:04]} 45. a5 {[%clk 0:05:12]} h4 {[%clk 0:11:28]}
46. Ka7 {[%clk 0:04:06]} hxg3 {[%clk 0:11:49]} 47. hxg3 {[%clk 0:04:31]} Rb3
{[%clk 0:11:16]} 48. Rg8 {[%clk 0:04:35]} Kc6 {[%clk 0:10:26]} 49. a6
{[%clk 0:03:36]} e5 {[%clk 0:10:52]} 50. Rc8+ {[%clk 0:03:28]} Kd7
{[%clk 0:11:13]} 51. Rc5 {[%clk 0:03:43]} 1-0

[Event "TICF"]
[Site "FAMALICAO"]
[Date "2023.07.29"]
[Round "7.4"]
[White "MONTEIRO, Paulo"]
[Black "KHAMRAKULOV, Ibragim"]
[Result "0-1"]
[BlackElo "2413"]
[WhiteElo "2090"]
[LiveChessVersion "1.4.8"]

1. d4 {[%clk 1:30:57]} Nf6 {[%clk 1:20:50]} 2. c4 {[%clk 1:31:06]} e6
{[%clk 1:20:27]} 3. Nc3 {[%clk 1:31:11]} Bb4 {[%clk 1:20:48]} 4. e3
{[%clk 1:31:16]} c5 {[%clk 1:13:57]} 5. Nge2 {[%clk 1:29:55]} b6 {[%clk 1:01:05]}
6. Bd2 {[%clk 1:20:45]} cxd4 {[%clk 0:55:38]} 7. exd4 {[%clk 1:17:39]} Bb7
{[%clk 0:55:22]} 8. a3 {[%clk 1:11:00]} Be7 {[%clk 0:51:21]} 9. Nf4
{[%clk 1:08:07]} O-O {[%clk 0:49:35]} 10. Be2 {[%clk 0:59:45]} Nc6
{[%clk 0:39:25]} 11. Bf3 {[%clk 0:44:46]} d5 {[%clk 0:36:09]} 12. Nce2
{[%clk 0:29:03]} dxc4 {[%clk 0:35:03]} 13. Rc1 {[%clk 0:29:13]} b5
{[%clk 0:33:27]} 14. a4 {[%clk 0:27:58]} a6 {[%clk 0:33:50]} 15. b3
{[%clk 0:28:15]} g5 {[%clk 0:33:06]} 16. bxc4 {[%clk 0:23:04]} gxf4
{[%clk 0:32:56]} 17. cxb5 {[%clk 0:23:01]} Na5 {[%clk 0:32:45]} 18. Nxf4
{[%clk 0:22:26]} axb5 {[%clk 0:32:12]} 19. O-O {[%clk 0:12:54]} Bxf3
{[%clk 0:23:00]} 20. Qxf3 {[%clk 0:13:17]} Nc4 {[%clk 0:23:15]} 21. Bc3
{[%clk 0:12:53]} Nd5 {[%clk 0:22:54]} 22. axb5 {[%clk 0:10:41]} Kh8
{[%clk 0:22:39]} 23. Bb4 {[%clk 0:07:52]} Nxf4 {[%clk 0:14:43]} 24. Bxe7
{[%clk 0:07:43]} Qxe7 {[%clk 0:14:38]} 25. Qxf4 {[%clk 0:08:04]} Rac8
{[%clk 0:13:32]} 26. d5 {[%clk 0:06:38]} e5 {[%clk 0:13:47]} 27. Qe4
{[%clk 0:03:38]} Nd2 {[%clk 0:12:46]} 28. Qf5 {[%clk 0:03:48]} Nc4
{[%clk 0:11:08]} 29. Qd3 {[%clk 0:02:37]} Qb4 {[%clk 0:10:53]} 30. Rc3
{[%clk 0:01:51]} f6 {[%clk 0:03:26]} 31. Qh3 {[%clk 0:01:12]} Qxb5
{[%clk 0:03:32]} 32. Rd1 {[%clk 0:01:16]} Qa4 {[%clk 0:03:13]} 33. Rdc1
{[%clk 0:01:24]} Nb6 {[%clk 0:02:06]} 34. Rxc8 {[%clk 0:01:05]} Nxc8
{[%clk 0:02:34]} 35. Qe6 {[%clk 0:00:34]} Qe8 {[%clk 0:02:55]} 36. Qa6
{[%clk 0:00:43]} Qd7 {[%clk 0:03:17]} 37. h4 Ne7 {[%clk 0:03:39]} 38. d6
{[%clk 0:01:01]} Nf5 {[%clk 0:04:02]} 39. Rc7 {[%clk 0:00:33]} Qxd6
{[%clk 0:04:02]} 40. Qb7 {[%clk 0:01:00]} Qd1+ {[%clk 0:04:09]} 41. Kh2
{[%clk 0:01:25]} Qh5 {[%clk 0:04:10]} 42. g3 Nxh4 {[%clk 0:03:57]} 43. gxh4
{[%clk 0:02:14]} Qxh4+ {[%clk 0:04:22]} 44. Kg1 {[%clk 0:02:29]} Qg4+
{[%clk 0:04:15]} 45. Kh2 {[%clk 0:02:18]} Qh5+ {[%clk 0:04:39]} 46. Kg2
{[%clk 0:02:21]} Rg8+ {[%clk 0:05:03]} 47. Kf1 {[%clk 0:02:47]} Qd1#
{[%clk 0:05:28]} 0-1

[Event "TICF"]
[Site "FAMALICAO"]
[Date "2023.07.29"]
[Round "7.5"]
[White "GONCALVES, Samuel"]
[Black "PEIN, Malcolm"]
[Result "1/2-1/2"]
[BlackElo "2303"]
[WhiteElo "2033"]
[LiveChessVersion "1.4.8"]

1. e4 {[%clk 1:30:06]} d6 {[%clk 1:30:13]} 2. d4 {[%clk 1:30:26]} Nf6
{[%clk 1:30:20]} 3. Nc3 {[%clk 1:30:47]} g6 {[%clk 1:30:38]} 4. Be3
{[%clk 1:31:03]} c6 {[%clk 1:30:02]} 5. Qd2 {[%clk 1:31:12]} Nbd7
{[%clk 1:29:17]} 6. Nf3 {[%clk 1:30:55]} Qc7 {[%clk 1:22:11]} 7. Bd3
{[%clk 1:27:37]} Ng4 {[%clk 1:14:06]} 8. Bg5 {[%clk 1:21:15]} h6 {[%clk 1:14:04]}
9. Bh4 {[%clk 1:21:38]} Bg7 {[%clk 1:14:19]} 10. O-O {[%clk 1:18:07]} e5
{[%clk 1:13:15]} 11. d5 {[%clk 1:16:24]} O-O {[%clk 1:11:12]} 12. dxc6
{[%clk 1:08:53]} bxc6 {[%clk 1:11:36]} 13. Bc4 {[%clk 1:08:57]} g5
{[%clk 1:05:54]} 14. Bg3 {[%clk 1:08:23]} Nb6 {[%clk 0:54:17]} 15. Bb3
{[%clk 1:08:07]} Be6 {[%clk 0:47:30]} 16. h4 {[%clk 1:05:26]} gxh4
{[%clk 0:46:45]} 17. Nxh4 {[%clk 1:05:37]} Qe7 {[%clk 0:43:27]} 18. Rad1
{[%clk 0:59:15]} Rad8 {[%clk 0:42:16]} 19. Qe2 {[%clk 0:53:54]} Qg5
{[%clk 0:37:10]} 20. Nf3 {[%clk 0:47:51]} Qe7 {[%clk 0:35:28]} 21. Nh4
{[%clk 0:45:41]} Qg5 {[%clk 0:35:20]} 22. Nf3 {[%clk 0:45:49]} Qe7
{[%clk 0:33:47]} 23. Nh4 {[%clk 0:44:21]} 1/2-1/2

[Event "TICF"]
[Site "FAMALICAO"]
[Date "2023.07.29"]
[Round "7.6"]
[White "SRINATH, Rao"]
[Black "CRUZ, Francisco"]
[Result "1-0"]
[BlackElo "1853"]
[WhiteElo "2287"]
[LiveChessVersion "1.4.8"]

1. e4 d6 2. d4 Nf6 3. Nc3 e5 4. Nge2 Be7 5. h3 h5 6. g3 c6 7. Bg2 Nbd7 8. Be3 Qc7
9. Qd2 Nb6 10. b3 Bd7 11. a4 a5 12. f4 c5 13. dxe5 dxe5 14. fxe5 Qxe5 15. Bf4 Qe6
16. e5 Ng8 17. Bxb7 Rd8 18. Qe3 Nh6 19. Bxh6 Qxh6 20. Nf4 O-O 21. Ncd5 Nxd5 22.
Bxd5 Rfe8 23. O-O-O Bf5 24. e6 fxe6 25. Bxe6+ Bxe6 26. Qxe6+ Qxe6 27. Nxe6 Rb8
28. Rhe1 h4 29. g4 c4 30. Nd4 cxb3 31. cxb3 Rec8+ 32. Kb1 Bf6 33. Nb5 Re8 34.
Rxe8+ Rxe8 35. Kc2 Re3 36. Rd3 Re2+ 37. Kd1 Rb2 38. Nd6 Rb1+ 39. Ke2 Be7 40. Nf5
Bf6 41. Kf3 g6 42. Nd6 Be7 43. Nc4 Bb4 44. Kf4 Kf7 45. Ne5+ Ke6 46. Nxg6 Be1 47.
Ke4 Kd5+ 1-0

[Event "TICF"]
[Site "FAMALICAO"]
[Date "2023.07.29"]
[Round "7.7"]
[White "RIBEIRO, Rodrigo"]
[Black "PEIN, Jonathan"]
[Result "1/2-1/2"]
[BlackElo "2276"]
[WhiteElo "1903"]
[LiveChessVersion "1.4.8"]

1. d4 Nf6 2. c4 b6 3. Nc3 Bb7 4. f3 g6 5. e4 d6 6. Bd3 Bg7 7. Nge2 c5 8. d5 Nbd7
9. f4 O-O 10. O-O e6 11. Qc2 exd5 12. exd5 a6 13. a4 Qe7 14. h3 Ne8 15. Bd2 f5
16. Rae1 Nc7 17. Kh1 Qh4 18. Ng1 Rfe8 19. Nf3 Qh6 20. Qc1 Nf6 21. Ng5 Ng4 22. Nf3
Nf6 23. Rxe8+ Rxe8 24. Re1 Bh8 25. Rxe8+ Nfxe8 26. Qe1 Kf8 27. Ng5 Qg7 28. Ne6+
Nxe6 29. Qxe6 Qe7 30. Qe1 Qxe1+ 31. Bxe1 Nc7 32. g4 fxg4 33. hxg4 Ne6 34. Bg3 Ke7
35. Ne4 Nd4 36. Bh4+ Kd7 37. Bf6 Bxf6 38. Nxf6+ Ke7 39. Nxh7 Ne6 40. Kh2 Nxf4 41.
Bf1 b5 42. Kg3 g5 43. Nxg5 Ng6 44. cxb5 axb5 45. Bxb5 Bxd5 46. Nf3 Kd8 47. g5 Kc7
48. Bd3 Bf7 49. Kg4 Be6+ 50. Kg3 Bf7 51. Nh4 Ne5 52. g6 Bxg6 53. Bxg6 Nxg6 54.
Nxg6 Kb6 55. b3 Ka5 56. Nf4 c4 57. bxc4 Kxa4 58. Nd5 Kb3 59. Ne3 Kc3 60. Kg4 Kd3
61. Kf3 Kd4 62. Ke2 Kc3 63. Ke1 Kd3 64. Kf2 Kd4 65. Kf3 Ke5 66. Ke4+ 1/2-1/2

[Event "TICF"]
[Site "FAMALICAO"]
[Date "2023.07.29"]
[Round "7.8"]
[White "RODRIGUEZ LOPEZ, Rafael"]
[Black "MONTEIRO, Jose"]
[Result "1-0"]
[BlackElo "1831"]
[WhiteElo "2182"]
[LiveChessVersion "1.4.8"]

1. d4 {[%clk 1:30:34]} Nf6 {[%clk 1:30:00]} 2. c4 {[%clk 1:30:56]} e6
{[%clk 1:30:25]} 3. Nf3 {[%clk 1:31:22]} d5 {[%clk 1:30:49]} 4. Nc3
{[%clk 1:31:48]} c6 {[%clk 1:31:05]} 5. cxd5 {[%clk 1:32:08]} exd5
{[%clk 1:31:28]} 6. Qc2 {[%clk 1:32:31]} Be7 {[%clk 1:28:56]} 7. Bg5
{[%clk 1:32:24]} Nbd7 {[%clk 1:29:09]} 8. e3 {[%clk 1:32:42]} h6 {[%clk 1:29:24]}
9. Bh4 {[%clk 1:32:53]} O-O {[%clk 1:28:30]} 10. Bd3 {[%clk 1:33:06]} Re8
{[%clk 1:28:47]} 11. O-O {[%clk 1:32:37]} a5 {[%clk 1:28:42]} 12. a3
{[%clk 1:31:17]} b5 {[%clk 1:28:40]} 13. Bg3 {[%clk 1:30:31]} Nh5
{[%clk 1:28:38]} 14. Nxd5 {[%clk 1:30:23]} Nxg3 {[%clk 1:28:53]} 15. Nxe7+
{[%clk 1:30:46]} Qxe7 {[%clk 1:29:19]} 16. hxg3 {[%clk 1:31:08]} Bb7
{[%clk 1:29:19]} 17. Rfc1 {[%clk 1:30:43]} Rac8 {[%clk 1:28:58]} 18. Bh7+
{[%clk 1:30:44]} Kh8 {[%clk 1:29:02]} 19. Bf5 {[%clk 1:31:09]} Rcd8
{[%clk 1:28:06]} 20. Qc3 {[%clk 1:30:27]} a4 {[%clk 1:26:37]} 21. Bxd7
{[%clk 1:30:48]} Rxd7 {[%clk 1:26:23]} 22. Ne5 {[%clk 1:31:10]} Rc7
{[%clk 1:26:10]} 23. Qc5 {[%clk 1:31:28]} Qxc5 {[%clk 1:26:07]} 24. Rxc5
{[%clk 1:31:53]} f6 {[%clk 1:26:24]} 25. Nd3 {[%clk 1:32:18]} Rd8
{[%clk 1:26:03]} 26. Rac1 {[%clk 1:32:41]} Rcc8 {[%clk 1:25:52]} 27. Nb4
{[%clk 1:33:01]} Kg8 {[%clk 1:25:50]} 28. Nxc6 {[%clk 1:33:17]} Bxc6
{[%clk 1:26:10]} 29. Rxc6 {[%clk 1:33:43]} Rxc6 {[%clk 1:26:14]} 30. Rxc6
{[%clk 1:34:08]} Rd5 {[%clk 1:26:38]} 31. Kf1 {[%clk 1:34:19]} Kf7
{[%clk 1:27:03]} 32. Ke2 {[%clk 1:34:41]} f5 {[%clk 1:26:17]} 33. Kd3
{[%clk 1:35:01]} Ke7 {[%clk 1:26:33]} 34. f3 {[%clk 1:34:46]} Kf7
{[%clk 1:26:36]} 35. Rc5 {[%clk 1:34:51]} Ke6 {[%clk 1:26:58]} 36. Rxd5
{[%clk 1:35:15]} Kxd5 {[%clk 1:27:23]} 37. e4+ {[%clk 1:35:35]} fxe4+
{[%clk 1:27:49]} 38. fxe4+ {[%clk 1:36:02]} Kd6 {[%clk 1:27:50]} 39. Kc3
{[%clk 1:36:23]} 1-0

[Event "TICF"]
[Site "FAMALICAO"]
[Date "2023.07.29"]
[Round "7.9"]
[White "MOLDOVAN, Lucas"]
[Black "COSMAN, Andreea-Marioara"]
[Result "0-1"]
[BlackElo "2143"]
[WhiteElo "1728"]
[LiveChessVersion "1.4.8"]

1. e4 c5 2. Nc3 d6 3. f4 g6 4. Nf3 Bg7 5. Bc4 e6 6. d3 Ne7 7. O-O O-O 8. Qe1 d5
9. Bb3 Nbc6 10. e5 Rb8 11. Ba4 a6 12. Bxc6 Nxc6 13. Bd2 b5 14. Ne2 f6 15. d4 cxd4
16. Nexd4 Nxd4 17. Nxd4 fxe5 18. fxe5 Rxf1+ 19. Kxf1 Qc7 20. Qe3 Bxe5 21. Nc6
Bxb2 22. Rb1 Qxc6 23. Rxb2 Bb7 24. Qd4 Re8 25. a4 e5 26. axb5 Rf8+ 0-1

[Event "TICF"]
[Site "FAMALICAO"]
[Date "2023.07.29"]
[Round "7.11"]
[White "MORENO, Alejandro"]
[Black "AVELINO, Camila"]
[Result "1-0"]
[BlackElo "1763"]
[WhiteElo "2343"]
[LiveChessVersion "1.4.8"]

1. d4 {[%clk 1:29:40]} Nf6 {[%clk 1:30:43]} 2. c4 {[%clk 1:29:58]} g6
{[%clk 1:31:00]} 3. Nc3 {[%clk 1:30:19]} Bg7 {[%clk 1:31:15]} 4. e4
{[%clk 1:30:43]} d6 {[%clk 1:31:33]} 5. f3 {[%clk 1:31:07]} O-O {[%clk 1:31:44]}
6. Be3 {[%clk 1:31:22]} Nc6 {[%clk 1:31:38]} 7. Nge2 {[%clk 1:27:17]} a6
{[%clk 1:31:24]} 8. Qd2 {[%clk 1:27:07]} Na5 {[%clk 1:31:17]} 9. Nc1
{[%clk 1:26:35]} Nd7 {[%clk 1:29:52]} 10. b4 {[%clk 1:19:22]} Nc6
{[%clk 1:29:59]} 11. d5 {[%clk 1:19:36]} Nxb4 {[%clk 1:19:01]} 12. a3
{[%clk 1:16:34]} a5 {[%clk 1:19:20]} 13. h4 {[%clk 1:15:03]} h5 {[%clk 0:55:33]}
14. Be2 {[%clk 1:13:54]} Na6 {[%clk 0:49:53]} 15. g4 {[%clk 1:08:19]} Nf6
{[%clk 0:49:48]} 16. gxh5 {[%clk 1:07:31]} Nxh5 {[%clk 0:50:11]} 17. Rg1
{[%clk 1:07:57]} Nc5 {[%clk 0:47:11]} 18. Rb1 {[%clk 1:00:50]} e5
{[%clk 0:40:02]} 19. Bg5 {[%clk 1:00:19]} Qd7 {[%clk 0:37:19]} 20. Nb5
{[%clk 0:58:14]} f5 {[%clk 0:30:50]} 21. Nb3 {[%clk 0:53:08]} Nxb3
{[%clk 0:26:19]} 22. Rxb3 {[%clk 0:49:31]} f4 {[%clk 0:26:28]} 23. c5
{[%clk 0:48:30]} dxc5 {[%clk 0:19:08]} 24. d6 {[%clk 0:47:37]} Kh7
{[%clk 0:15:19]} 25. Nxc7 {[%clk 0:44:53]} Ra7 {[%clk 0:13:36]} 26. Be7
{[%clk 0:42:41]} Qa4 {[%clk 0:11:27]} 27. Qd5 {[%clk 0:36:41]} Qd4
{[%clk 0:10:12]} 28. Qxd4 {[%clk 0:35:06]} cxd4 {[%clk 0:10:28]} 29. Bxf8
{[%clk 0:34:32]} Bxf8 {[%clk 0:10:52]} 30. Rb6 {[%clk 0:34:46]} Bd7
{[%clk 0:08:28]} 31. Rg5 {[%clk 0:33:48]} Bg7 {[%clk 0:06:14]} 32. Bb5
{[%clk 0:31:44]} Bxb5 {[%clk 0:06:26]} 33. Rxb5 {[%clk 0:29:05]} b6
{[%clk 0:05:26]} 34. Rxb6 {[%clk 0:26:46]} Bf6 {[%clk 0:05:20]} 35. Rc6
{[%clk 0:25:15]} Rb7 {[%clk 0:01:30]} 36. Nd5 {[%clk 0:23:18]} Kh6
{[%clk 0:00:41]} 37. Rc7 {[%clk 0:22:35]} Rb1+ {[%clk 0:00:39]} 38. Kd2
{[%clk 0:22:56]} Bd8 {[%clk 0:00:39]} 39. Rc8 {[%clk 0:21:15]} Ng3
{[%clk 0:00:38]} 40. Rxd8 {[%clk 0:20:33]} Nf1+ {[%clk 0:00:47]} 41. Kc2
{[%clk 0:21:01]} Ra1 {[%clk 0:00:53]} 42. Rg8 {[%clk 0:21:01]} 1-0

[Event "TICF"]
[Site "FAMALICAO"]
[Date "2023.07.29"]
[Round "7.12"]
[White "SANTOS, Tomas"]
[Black "FERNANDES, Antonio"]
[Result "1-0"]
[BlackElo "2337"]
[WhiteElo "1729"]
[LiveChessVersion "1.4.8"]

1. e4 c5 2. Nf3 e6 3. d4 cxd4 4. Nxd4 Nf6 5. Nc3 Bb4 6. e5 Nd5 7. Qg4 Kf8 8. Bd2
d6 9. O-O-O dxe5 10. Bg5 Qe8 11. Nxd5 exd5 12. Nf5 Bxf5 13. Qxb4+ Kg8 14. Qxb7
Nd7 15. Qxd5 Rc8 16. Bd3 Be6 1-0

[Event "TICF"]
[Site "FAMALICAO"]
[Date "2023.07.29"]
[Round "7.13"]
[White "DUQUE, Raquel"]
[Black "COSTA, Paulo"]
[Result "0-1"]
[BlackElo "2037"]
[WhiteElo "1688"]
[LiveChessVersion "1.4.8"]

1. c4 {[%clk 1:30:56]} Nf6 {[%clk 1:30:49]} 2. Nc3 {[%clk 1:31:14]} e6
{[%clk 1:31:01]} 3. Nf3 {[%clk 1:31:35]} Bb4 {[%clk 1:31:12]} 4. e3
{[%clk 1:31:40]} c5 {[%clk 1:31:26]} 5. d4 {[%clk 1:31:10]} O-O {[%clk 1:31:14]}
6. Bd2 {[%clk 1:29:26]} d5 {[%clk 1:28:41]} 7. Bd3 {[%clk 1:24:34]} cxd4
{[%clk 1:23:10]} 8. Nxd4 {[%clk 1:21:33]} e5 {[%clk 1:18:22]} 9. Nc2
{[%clk 1:21:56]} Bxc3 {[%clk 1:17:04]} 10. Bxc3 {[%clk 1:22:18]} Nc6
{[%clk 1:17:08]} 11. O-O {[%clk 1:21:07]} Be6 {[%clk 1:11:20]} 12. cxd5
{[%clk 1:12:45]} Nxd5 {[%clk 1:11:31]} 13. Qh5 {[%clk 1:06:32]} g6
{[%clk 1:09:21]} 14. Qe2 {[%clk 1:06:56]} Nxc3 {[%clk 1:07:41]} 15. bxc3
{[%clk 1:07:19]} f5 {[%clk 1:03:59]} 16. Nb4 {[%clk 1:02:50]} Na5
{[%clk 0:56:53]} 17. e4 {[%clk 0:54:14]} f4 {[%clk 0:53:36]} 18. f3
{[%clk 0:54:18]} Qb6+ {[%clk 0:52:54]} 19. Kh1 {[%clk 0:53:04]} Qc5
{[%clk 0:52:37]} 20. Rac1 {[%clk 0:51:20]} Rfd8 {[%clk 0:47:08]} 21. Rfd1
{[%clk 0:49:59]} Rac8 {[%clk 0:45:14]} 22. h3 {[%clk 0:35:32]} Nc4
{[%clk 0:40:50]} 23. Nd5 {[%clk 0:32:12]} Bxd5 {[%clk 0:30:59]} 24. exd5
{[%clk 0:32:29]} Ne3 {[%clk 0:31:20]} 25. Re1 {[%clk 0:28:29]} Rxd5
{[%clk 0:29:24]} 26. Be4 {[%clk 0:27:48]} Rd7 {[%clk 0:28:54]} 27. Qb2
{[%clk 0:27:50]} b6 {[%clk 0:26:15]} 28. Qb3+ {[%clk 0:25:33]} Qc4
{[%clk 0:23:25]} 29. Qa3 {[%clk 0:21:57]} Rcc7 {[%clk 0:22:19]} 30. Bc2
{[%clk 0:22:08]} Kg7 {[%clk 0:21:13]} 31. Ba4 {[%clk 0:20:53]} Rd2
{[%clk 0:20:30]} 32. Bb3 {[%clk 0:18:45]} Qc5 {[%clk 0:20:06]} 33. Qa4
{[%clk 0:18:54]} Re7 {[%clk 0:15:02]} 34. Qe4 {[%clk 0:18:35]} Nxg2
{[%clk 0:12:06]} 35. Red1 {[%clk 0:18:05]} Rxd1+ {[%clk 0:10:29]} 36. Rxd1
{[%clk 0:18:29]} Ne3 {[%clk 0:10:43]} 37. Rd8 {[%clk 0:16:29]} Qxc3
{[%clk 0:10:08]} 38. Rg8+ {[%clk 0:16:25]} Kh6 {[%clk 0:10:29]} 39. Qb1
{[%clk 0:16:29]} Qd2 {[%clk 0:09:48]} 40. Qg1 {[%clk 0:16:50]} Rc7
{[%clk 0:09:57]} 0-1